Plant regeneration via somatic embryogenesis from root explants of Hevea brasiliensis (Record no. 65103)

MARC details
000 -LEADER
fixed length control field 00626nam a2200157Ia 4500
100 ## - MAIN ENTRY--AUTHOR NAME
Personal name Zhou Quan-Nan
245 #0 - TITLE STATEMENT
Title Plant regeneration via somatic embryogenesis from root explants of Hevea brasiliensis
260 ## - PUBLICATION, DISTRIBUTION, ETC. (IMPRINT)
Name of publisher Climate Change, Low Carbon Economy and Sustainable Natural Rubber Industry: Preprints of Proceedings of IRRDB International Rubber Conference 2010, 18-19 October 2010 Sanya, Hainan, China, pp. 443.
650 ## - SUBJECT ADDED ENTRY--TOPICAL TERM
Topical Term Callus
650 ## - SUBJECT ADDED ENTRY--TOPICAL TERM
Topical Term Regeneration
650 ## - SUBJECT ADDED ENTRY--TOPICAL TERM
Topical Term Root explants
650 ## - SUBJECT ADDED ENTRY--TOPICAL TERM
Topical Term Somatic embryogenesis
856 ## - ELECTRONIC LOCATION AND ACCESS
Uniform Resource Identifier Abst only
942 ## - ADDED ENTRY ELEMENTS (KOHA)
Koha item type Journals
Holdings
Withdrawn status Lost status Damaged status Not for loan Home library Current library Shelving location Date acquired Koha item type
      Journals RRII Library RRII Library Biotechnology 14/08/2012 Journals